|
|
|
|
| LEADER |
02977nam a2200733 i 4500 |
| 001 |
nkc20152757212 |
| 003 |
CZ PrNK |
| 005 |
20171122075417.0 |
| 007 |
ta |
| 008 |
151204s2015 xr f 000 0 cze |
| 015 |
|
|
|a cnb002757212
|
| 020 |
|
|
|a 978-80-260-9204-9
|q (brožováno)
|
| 035 |
|
|
|a (OCoLC)946292747
|
| 040 |
|
|
|a OLA001
|b cze
|d ABA001
|e rda
|
| 041 |
1 |
|
|a cze
|h eng
|h ger
|
| 043 |
|
|
|a e-au---
|
| 045 |
|
|
|a x-x-
|
| 072 |
|
7 |
|a 159.96
|x Zvláštní duševní stavy a procesy. Hlubinná psychologie
|2 Konspekt
|9 17
|
| 080 |
|
|
|a 159.964.2-051
|2 MRF
|
| 080 |
|
|
|a 316.647.5
|2 MRF
|
| 080 |
|
|
|a 316.64(=411.16)-021.485
|2 MRF
|
| 080 |
|
|
|a 316.613-024.83
|2 MRF
|
| 080 |
|
|
|a 159.9
|2 MRF
|
| 080 |
|
|
|a 364.624.4
|2 MRF
|
| 080 |
|
|
|a 159.964.2
|2 MRF
|
| 080 |
|
|
|a (436)
|2 MRF
|
| 080 |
|
|
|a (048.8:082)
|2 MRF
|
| 245 |
0 |
0 |
|a Strach z cizího :
|b antisemitismus, xenofobie a zkušenost "uncanny" /
|c Roman Telerovský, Martin Mahler (eds.) ; překlad Eva Klimentová
|
| 250 |
|
|
|a Vydání první
|
| 264 |
|
1 |
|a Praha :
|b Česká psychoanalytická společnost,
|c 2015
|
| 300 |
|
|
|a 241 stran ;
|c 23 cm
|
| 336 |
|
|
|a text
|b txt
|2 rdacontent
|
| 337 |
|
|
|a bez média
|b n
|2 rdamedia
|
| 338 |
|
|
|a svazek
|b nc
|2 rdacarrier
|
| 490 |
1 |
|
|a Psychoanalytická knihovna ;
|v sv. 1
|
| 500 |
|
|
|a Přeloženo z angličtiny a němčiny?
|
| 504 |
|
|
|a Obsahuje bibliografie a bibliografické odkazy
|
| 600 |
1 |
7 |
|a Fenichel, Otto,
|d 1897-1946
|7 jn20000601546
|2 czenas
|
| 648 |
|
7 |
|a 20. století
|7 ch460558
|2 czenas
|
| 650 |
0 |
7 |
|a psychoanalytici
|7 ph124789
|z Rakousko
|y 20. století
|2 czenas
|
| 650 |
0 |
7 |
|a xenofobie
|7 ph127504
|x psychologické aspekty
|2 czenas
|
| 650 |
0 |
7 |
|a antisemitismus
|7 ph118516
|x psychologické aspekty
|2 czenas
|
| 650 |
0 |
7 |
|a odcizení (sociální psychologie)
|7 ph123688
|2 czenas
|
| 650 |
0 |
7 |
|a sociální izolace
|7 ph120408
|2 czenas
|
| 650 |
0 |
7 |
|a psychoanalýza
|7 ph117255
|2 czenas
|
| 650 |
0 |
9 |
|a psychoanalysts
|z Austria
|y 20th century
|2 eczenas
|
| 650 |
0 |
9 |
|a xenophobia
|x psychological aspects
|2 eczenas
|
| 650 |
0 |
9 |
|a antisemitism
|x psychological aspects
|2 eczenas
|
| 650 |
0 |
9 |
|a alienation (social psychology)
|2 eczenas
|
| 650 |
0 |
9 |
|a social isolation
|2 eczenas
|
| 650 |
0 |
9 |
|a psychoanalysis
|2 eczenas
|
| 655 |
|
7 |
|a kolektivní monografie
|7 fd501537
|2 czenas
|
| 655 |
|
9 |
|a collective monographs
|2 eczenas
|
| 700 |
1 |
|
|a Telerovský, Roman,
|d 1972-
|7 mzk2002160940
|4 edt
|
| 700 |
1 |
|
|a Mahler, Martin,
|d 1960-
|7 js20020429001
|4 edt
|
| 700 |
1 |
|
|a Klimentová, Eva,
|d 1962-
|7 js20020304030
|4 trl
|
| 830 |
|
0 |
|a Psychoanalytická knihovna
|0 s
|
| 910 |
2 |
|
|a BOA001
|b 2-1364.444
|
| 990 |
|
|
|a BK
|
| 995 |
|
|
|a 01
|
| 991 |
|
|
|b 201603
|c NOV
|
| 996 |
6 |
|
|b 2610664424
|c 2-1364.444
|l MZK
|r Sklad / do 1 hodiny
|n 4
|p p.v.
|w 001551555
|u 000010
|a 1
|e BOA001
|j MZK50
|s P
|
| 996 |
7 |
|
|b 2610668044
|c 2-1364.444
|l Vol.výběr
|r VV 0p
|n 12
|p kup
|h 316.4 TEL
|w 001551555
|u 000020
|a 0
|e BOA001
|j MZK50
|s A
|
| 996 |
7 |
|
|b 2610725952
|c 2-1364.444
|l Vol.výběr
|r VV 0p
|n 13
|p dar
|h 316.4 TEL
|w 001551555
|u 000030
|a 0
|e BOA001
|j MZK50
|s A
|